Two ballads, op. 12 ; Two songs, op. 14 : : for voice and piano /

Bibliographic Details
Main Author: Schoenberg, Arnold, 1874-1951
Other Authors: Ammann, Heinrich, Klemperer, Victor, 1881-1960, George, Stefan, 1868-1933, Henckel, Georg
Format: Musical Score Book
Language:German
English
Published: Boca Raton, Fla. : Masters Music Publications, [1996]
Series:Schoenberg, Arnold, 1874-1951. Songs ; v.5.
Master voice series.
Subjects:

MARC

Tag First Indicator Second Indicator Subfields
LEADER 00000ccm a2200000Ka 4500
001 in00002425016
005 20151109170101.0
008 971215s1996 flusga n ger d
019 |a 38263606 
028 3 2 |a M 2524  |b Masters Music Publications 
035 |a (OCoLC)ocm38088181 
035 |a (OCoLC)38088181  |z (OCoLC)38263606 
040 |a BNG  |c BNG  |d UPM  |d OCLCQ  |d OCLCG  |d UtOrBLW 
041 0 |a eng  |a ger 
049 |a TXAM 
050 4 |a M1620.S28  |b M2 1996 
100 1 |a Schoenberg, Arnold,  |d 1874-1951. 
240 1 0 |a Lieder,  |n op. 12 
245 1 0 |a Two ballads, op. 12 ; Two songs, op. 14 :  |b : for voice and piano /  |c by Arnold Schoenberg. 
264 1 |a Boca Raton, Fla. :  |b Masters Music Publications,  |c [1996] 
300 |a 1 score (19 pages) ;  |c 31 cm. 
336 |a notated music  |b ntm  |2 rdacontent 
337 |a unmediated  |b n  |2 rdamedia 
338 |a volume  |b nc  |2 rdacarrier 
490 1 |a Master voice series 
490 1 |a Collected songs ;  |v v. 5 
500 |a German words. 
500 |a For voice and piano. 
505 0 |a Jane Grey (Heinrich Ammann) -- Der verlorene Haufen (Viktor Klemperer) -- Ich darf nicht dankend ... aus: "Waller im Schnee" (Stefan George) -- In diesen Wintertagen (G. Henkel). 
650 0 |a Songs with piano. 
600 1 0 |a Ammann, Heinrich  |v Musical settings. 
600 1 0 |a Klemperer, Victor  |v Musical settings. 
600 1 0 |a George, Stefan,  |d 1868-1933  |v Musical settings. 
600 1 0 |a Henckel, Georg  |v Musical settings. 
700 1 2 |a Schoenberg, Arnold,  |d 1874-1951.  |t Lieder,  |n op. 14. 
700 1 |a Ammann, Heinrich. 
700 1 |a Klemperer, Victor,  |d 1881-1960. 
700 1 |a George, Stefan,  |d 1868-1933. 
700 1 |a Henckel, Georg. 
800 1 |a Schoenberg, Arnold,  |d 1874-1951.  |t Songs ;  |v v.5. 
830 0 |a Master voice series. 
948 |a cataloged  |b h  |c 2008/11/18  |d c  |e bhartsfi  |f 10:20:49 am 
994 |a C0  |b TXA 
999 |a MARS 
999 f f |s 27aa9b97-3768-37da-8475-c2d3c9eabfb9  |i 2e0ed8f3-be3e-322a-b67f-f24a6d1b27ef  |t 0 
952 f f |p ric  |a Texas A&M University  |b Rellis Campus  |c Joint Library Facility  |d Remote Storage  |t 0  |e M1620.S28 M2 1996  |h Library of Congress classification  |i unmediated -- volume  |m A14837529464 
998 f f |a M1620.S28 M2 1996  |t 0  |l Remote Storage